Compliance nas contratações públicas : (Record no. 185)
[ view plain ]
| 000 -LÍDER | |
|---|---|
| Campo Fixo de Controle | 01018cam a2200265 a 4500 |
| 001 - NÚMERO DE CONTROLE | |
| Campo de Controle | 185 |
| 003 - IDENTIFICAÇÃO DO NÚMERO DE CONTROLE | |
| Campo de Controle | BR-CuiBMT |
| 005 - DATA E HORA DA ÚLTIMA ATUALIZAÇÃO | |
| Campo de Controle | 20231114212826.0 |
| 008 - DADOS FIXOS | |
| Dados Fixos | 230824s2021 mgba 000 0 por d |
| 020 ## - INTERNATIONAL STANDARD BOOK NUMBER | |
| Nº do ISBN | 9786555181531 |
| 040 ## - AGÊNCIA CATALOGADORA | |
| Código da Agência Catalogadora | BR-CuiBMT |
| Agência que transcreveu o registro | BR-CuiBMT |
| 080 ## - Nº DA CLASSIFICAÇÃO DECIMAL UNIVERSAL | |
| Nº edição CDU | 2007 |
| Nº Class. CDU | 351.712.2 |
| Subd. Auxiliar Comum | -048.47 |
| 090 ## - NÚMERO DE CHAMADA | |
| Nº classificação | 351.712.2-048.47 |
| Cutter | S377c |
| Ano/Edição | 2. ed. |
| 100 1# - ENTRADA PRINCIPAL -- AUTOR PESSOAL | |
| Nome pessoal | Schramm, Fernanda Santos |
| 245 10 - TÍTULO PRINCIPAL | |
| Título principal | Compliance nas contratações públicas : |
| Subtítulo | atualizado conforme a nova lei de licitações (Lei federal n° 14.133/2021) e a ISO 37301:2021 / |
| Indicação de responsabilidade | Fernanda Santos Schramm ; prefácio: Gustavo Henrique Justino de Oliveira. |
| 250 ## - EDIÇÃO | |
| Edição | 2. ed., rev., ampl. e atual. |
| 260 ## - PUBLICAÇÃO, DISTRIBUIÇÃO, ETC. | |
| Local de publicação | Belo Horizonte : |
| Editora | Fórum, |
| Data | 2021. |
| 300 ## - DESCRIÇÃO FÍSICA | |
| N. páginas ou volumes | 416 p. : |
| Ilustrações | il. ; |
| Dimensões | 22 cm |
| 504 ## - NOTA DE BIBLIOGRAFIA, ETC. | |
| Nota de bibliografia | Inclui bibliografia. |
| 590 ## - NOTA LOCAL | |
| Nota local | A Biblioteca possui a 1. reimpr. 2021. |
| 650 ## - ASSUNTO TÓPICO | |
| Cabeçalho tópico ou nome geográfico | Direito administrativo |
| Subdivisão geral | Licitação pública |
| 650 ## - ASSUNTO TÓPICO | |
| Cabeçalho tópico ou nome geográfico | Administração pública |
| Subdivisão geral | Programas de compliance |
| 650 ## - ASSUNTO TÓPICO | |
| Cabeçalho tópico ou nome geográfico | Contratações públicas |
| 942 ## - ELEMENTOS DE ENTRADA ADICIONAIS (KOHA) | |
| Fonte de classificação ou esquema de arquivamento | Classificação Decimal Universal |
| Tipo de item do Koha | Livros |
| Estado: removido | Estado: perdido | Fonte de classificação ou esquema de arquivamento | Estado: danificado | Indisponível para empréstimo | Localização permanente | Localização atual | Data de aquisição | Total Checkouts | Número de Chamada completo | Código de barras | Date last seen | Número do exemplar | Preço efetivo a partir de | Tipo de item (Koha) | Nota pública |
|---|---|---|---|---|---|---|---|---|---|---|---|---|---|---|---|
| Classificação Decimal Universal | Biblioteca da Escola Superior de Contas do TCE/MT | Biblioteca da Escola Superior de Contas do TCE/MT | 28/06/2023 | 351.712.2-048.47 S377c 2. ed. | BIBTCEMT23080162 | 24/08/2023 | Ex. 1 | 24/08/2023 | Livros | 1. reimpr. 2021 | |||||
| Classificação Decimal Universal | Biblioteca da Escola Superior de Contas do TCE/MT | Biblioteca da Escola Superior de Contas do TCE/MT | 31/10/2023 | 351.712.2-048.47 S377c 2. ed. | BIBTCEMT23100073 | 31/10/2023 | Ex. 2 | 31/10/2023 | Livros | 1. reimpr. 2021 | |||||
| Classificação Decimal Universal | Biblioteca da Escola Superior de Contas do TCE/MT | Biblioteca da Escola Superior de Contas do TCE/MT | 31/10/2023 | 351.712.2-048.47 S377c 2. ed. | BIBTCEMT23100074 | 31/10/2023 | Ex. 3 | 31/10/2023 | Livros | 1. reimpr. 2021 |